000 00444nam a2200157 4500
001 143238
003 ES-MaACL
005 20230906200747.0
007 t|
008 070214s1956 sp r ||||1| spa d
100 1 _aSemprentergo, Luis.
_9105414
245 1 0 _aEn tanto dura la guerra /
_cLuis Semprentergo.
260 _aSegovia :
_b[s.n.],
_c1965 (
_fImp. ECESA)
300 _a82 p. :
_bil. ;
_c18 cm.
852 _aES-MaACL
_jC-28851
_bR.57853
999 _c143238
_d143238